Исследование ископаемых углей рудников Уссурийского Горнопромышленного Товарищества: Из Владивостокской испытательной химической лаборатории Уссурийской казенной железной дороги

Detalles Bibliográficos
Autor Principal: Оссендовский А. М. Антоний Мартинович
Summary:Оттиск из "Вестника Золотопромышленности" за 1903 год.
Текст в русской дореформенной орфографии
Idioma:ruso
Publicado: Томск, Типо-литография М. Н. Кононова, 1903
Subjects:
Formato: MixedMaterials Libro
KOHA link:https://koha.lib.tpu.ru/cgi-bin/koha/opac-detail.pl?biblionumber=272158

MARC

LEADER 00000nam0a2200000 4500
001 272158
005 20231101234515.0
035 |a (RuTPU)RU\TPU\book\295363 
090 |a 272158 
100 |a 20141015d1903 k y0rusy50 ca 
101 0 |a rus 
102 |a RU 
105 |a y z 000zy 
200 1 |a Исследование ископаемых углей рудников Уссурийского Горнопромышленного Товарищества  |e Из Владивостокской испытательной химической лаборатории Уссурийской казенной железной дороги  |f А. М. Оссендовский 
210 |a Томск  |c Типо-литография М. Н. Кононова  |d 1903 
215 |a 9 с. 
300 |a Оттиск из "Вестника Золотопромышленности" за 1903 год. 
300 |a Текст в русской дореформенной орфографии 
316 |5 63413507: 51//411  |a С автографом автора. На с. 1 дарственная надпись: "В библиотеку Томского Технологического Института. [Антоний] Оссендовский. 11.7.03" 
606 1 |a Угли ископаемые  |x Исследование  |2 stltpush  |3 (RuTPU)RU\TPU\subj\62433  |9 79509 
610 1 |a химические исследования 
610 1 |a угольные месторождения 
610 1 |a Дальний Восток 
610 1 |a Уссурийский край 
610 1 |a дарственные надписи 
610 1 |a дары автора 
610 1 |a дары библиотеке 
610 1 |a преподаватели ТТИ 
610 1 |a коллекция ТПУ 
675 |a 553.94.08  |v 3 
700 1 |a Оссендовский  |b А. М.  |c польский писатель  |c горный инженер, геолог, химик  |c настоящее имя Фердинанд-Антоний  |f 1876-1945  |g Антоний Мартинович  |2 stltpush  |3 (RuTPU)RU\TPU\pers\18397  |9 6814 
801 1 |a RU  |b 63413507  |c 20141015 
801 2 |a RU  |b 63413507  |c 20201207  |g RCR 
942 |c BK